| 000 | 00466nam a2200145 a 4500 | ||
|---|---|---|---|
| 001 | 2182 | ||
| 003 | CDMR | ||
| 005 | 20130116135225.0 | ||
| 008 | 130130s2003||||||||||||||||||||||||||||d | ||
| 040 |
_aCDMR _bcat _cCPC GIRONA |
||
| 100 | 1 |
_aAguiló, Anna _91625 |
|
| 245 | 1 | 3 |
_aLa poètica de la banalitat _bActes de la Jornada d'Estudi Cinquanta Anys d'El carrer Estret _cAguiló, Anna , Pla Xavier |
| 260 |
_c2003 _bFundació Josep Pla i Universitat de Girona |
||
| 942 | _cMON | ||
| 999 |
_c2182 _d2182 |
||